| 000 | 00629nam a2200229Ia 4500 | ||
|---|---|---|---|
| 003 | OSt | ||
| 005 | 20221006164656.0 | ||
| 006 | a|||||r|||| 00| 0 | ||
| 007 | ta | ||
| 008 | 221006b |||||||| |||| 00| 0 eng d | ||
| 024 | _a1,090 | ||
| 037 | _cTextual | ||
| 040 |
_aFML _cFML _beng |
||
| 041 |
_2eng _aeng |
||
| 082 | _aNW44:(X), K6 | ||
| 100 |
_aJain Rikhab Dass Au. _9678071 |
||
| 245 | 0 | _aThe Economic Aspects of the Film Industry in India | |
| 260 |
_aNew Delhi _bAtmaram & Sons _c1960 |
||
| 300 |
_a327 _ccm. |
||
| 942 |
_hNW44:(X), K6 _cTEXL _2CC |
||
| 999 |
_c1118066 _d1118066 |
||